[Event "CZE Extraliga 2019-20"]
[Site "Czech Republic"]
[Date "2020.01.26"]
[Round "6.8"]
[White "LAB11 Talla Vladimir GM"]
[Black "UNI8 Vavra Pavel IM"]
[Result "1/2-1/2"]
[WhiteElo "2398"]
[BlackElo "2342"]
[Annotator "ChessBase"]
[PlyCount "44"]
[EventDate "2019.09.15"]
[EventType "team-tourn"]
[EventCountry "CZE"]
[SourceTitle "playchess.com"]
[Source "ChessBase"]
[SourceQuality "1"]
[TimeControl "40/5400+30:1800+30"]

1. d4 {[%emt 0:00:00]} d5 {[%emt 0:00:00]} 2. c4 {[%emt 0:00:00]} c6 {[%emt 0:00:00]} 3. Nf3 {[%emt 0:00:21]} e6 {[%emt 0:00:00]} 4. e3 {[%emt 0:00:25]} Nf6 {[%emt 0:00:51]} 5. Nc3 {[%emt 0:02:34]} Nbd7 {[%emt 0:00:39]} 6. Qc2 {[%emt 0:00:14]} Bd6 {[%emt 0:01:14]} 7. b3 {[%emt 0:01:57]} O-O {[%emt 0:00:54]} 8. Bb2 {[%emt 0:02:12]} b6 {[%emt 0:03:24]} 9. Be2 {[%emt 0:00:58]} Bb7 {[%emt 0:00:57]} 10. O-O {[%emt 0:00:10]} c5 {[%emt 0:08:11]} 11. cxd5 {[%emt 0:17:46]} exd5 {[%emt 0:03:34]} 12. Rfd1 {[%emt 0:23:42]} Rc8 {[%emt 0:04:48]} 13. Rac1 {[%emt 0:00:49]} a6 {[%emt 0:03:08]} 14. Qf5 {[%emt 0:10:31]} Qe7 {[%emt 0:04:20]} 15. a4 {[%emt 0:03:01]} Qe6 {[%emt 0:07:54]} 16. Bd3 {[%emt 0:03:27]} g6 {[%emt 0:08:09]} 17. Qg5 {[%emt 0:04:49]} Be7 {[%emt 0:11:47]} 18. Qh4 {[%emt 0:08:06]} Nh5 {[%emt 0:04:16]} 19. Ng5 {[%emt 0:06:05]} Qf6 {[%emt 0:00:27]} 20. Qh3 {[%emt 0:04:17]} Qxg5 {[%emt 0:11:53]} 21. Qxd7 {[%emt 0:02:06]} Bc6 {[%emt 0:00:30]} 22. Qh3 {[%emt 0:02:30]} cxd4 {[%emt 0:03:12]} 1/2-1/2

[Event "CZE Extraliga 2019-20"]
[Site "Czech Republic"]
[Date "2020.01.26"]
[Round "6.8"]
[White "Talla, Vladimir"]
[Black "Vavra, Pavel"]
[Result "1/2-1/2"]
[WhiteElo "2398"]
[BlackElo "2342"]
[Annotator "NA"]
[PlyCount "44"]
[EventDate "2019.09.15"]
[EventType "team-tourn"]
[EventCountry "CZE"]
[SourceTitle "playchess.com"]
[Source "ChessBase"]
[SourceQuality "1"]
[TimeControl "40/5400+30:1800+30"]

1. d4 {[%emt 0:00:00]} d5 {[%emt 0:00:00]} 2. c4 {[%emt 0:00:00]} c6 {[%emt 0:00:00]} 3. Nf3 {[%emt 0:00:21]} e6 {[%emt 0:00:00]} 4. e3 {[%emt 0:00:25]} Nf6 {[%emt 0:00:51]} 5. Nc3 {[%emt 0:02:34]} Nbd7 {[%emt 0:00:39]} 6. Qc2 {[%emt 0:00:14]} Bd6 {[%emt 0:01:14]} 7. b3 {[%emt 0:01:57]} O-O {[%emt 0:00:54]} 8. Bb2 {[%emt 0:02:12]} b6 {[%emt 0:03:24]} 9. Be2 {[%emt 0:00:58]} Bb7 {[%emt 0:00:57]} 10. O-O {[%emt 0:00:10]} c5 {[%emt 0:08:11]} 11. cxd5 {[%emt 0:17:46] D45: Semi-Slav: 5 e3} exd5 {[%emt 0:03:34]} 12. Rfd1 {[%emt 0:23:42]} Rc8 {[%emt 0:04:48]} 13. Rac1 {[%emt 0:00:49]} a6 {[%emt 0:03:08]} 14. Qf5 {[%emt 0:10:31]} Qe7 {[%emt 0:04:20]} 15. a4 $146 {[%emt 0:03:01]} ({Predecessor:} 15. dxc5 bxc5 16. Nxd5 Bxd5 17. Rxd5 Nxd5 18. Qxd5 Rcd8 19. Qf5 a5 20. h4 g6 21. Qc2 Ne5 22. Bxe5 Bxe5 23. Qxc5 {1-0 (70) Nesterov,A (2378)-Sorokin,A (2522) St Petersburg 2018}) 15... Qe6 {[%emt 0:07:54]} 16. Bd3 {[%emt 0:03:27]} g6 {[%emt 0:08:09]} 17. Qg5 {[%emt 0:04:49]} Be7 {[%emt 0:11:47]} 18. Qh4 {[%emt 0:08:06]} Nh5 {[%emt 0:04:16]} 19. Ng5 {[%emt 0:06:05]} Qf6 {[%emt 0:00:27] [#]} 20. Qh3 $11 {[%emt 0:04:17]} ({White should play} 20. Bxa6 $1 $16 Bxa6 21. Nxd5) 20... Qxg5 {[%emt 0:11:53]} 21. Qxd7 {[%emt 0:02:06]} Bc6 {[%emt 0:00:30]} 22. Qh3 {[%emt 0:02:30]} cxd4 {[%emt 0:03:12]} 1/2-1/2

[Event "CZE Extraliga 2019-20"]
[Site "Czech Republic"]
[Date "2020.01.26"]
[Round "6.8"]
[White "Priehoda, Vitezslav"]
[Black "Mudrak, Josef"]
[Result "1-0"]
[WhiteElo "2352"]
[BlackElo "2221"]
[Annotator "TA"]
[PlyCount "95"]
[EventDate "2019.09.15"]
[EventType "team-tourn"]
[EventCountry "CZE"]
[SourceTitle "playchess.com"]
[Source "ChessBase"]
[SourceQuality "1"]

{[%evp 13,95,54,73,43,69,34,56,43,57,53,66,65,54,52,43,43,56,55,102,37,96,71,87,87,83,78,154,106,129,129,118,114,203,206,196,131,308,306,339,326,274,241,258,246,260,243,281,219,222,205,229,231,279,177,224,233,226,187,218,210,304,300,315,312,404,391,385,383,583,590,578,554,1140,1144,1086,682,675,621,824,756,737,673,870,852]} 1. d4 Nf6 2. Nf3 d6 3. c4 Nbd7 4. Nc3 e5 5. e4 Be7 6. Be2 O-O 7. O-O h6 8. Re1 {A55: Old Indian Defence with Nf3 and e4.} b6 9. Bf1 Bb7 {[#]} 10. b3 $146 {White is slightly better.} ({Predecessor:} 10. Rb1 Re8 11. d5 c6 12. dxc6 Bxc6 13. b4 Bb7 14. Nd5 Nxd5 15. cxd5 Nf6 16. Bb2 {1-0 (29) Monzon Cervera,C-Ramos,J (2280) Spain 1997}) 10... Re8 11. Bb2 exd4 12. Nxd4 Bf8 {[%cal Rf6e4]} 13. f3 a6 14. Qd2 Nh7 15. Rad1 Ng5 16. Kh1 ({Better is} 16. Nd5 $16) 16... Ne6 ({Black should play} 16... g6 $14) 17. Nf5 Kh7 18. Nd5 $36 {[%mdl 2048] White has strong initiative.} g6 19. Qc3 {[%csl Gb2][%cal Rc3h8]} f6 ({Black should try} 19... Ne5) 20. Ng3 Bg7 21. Qd2 h5 22. Qf2 Bh6 {[#]} (22... Nec5 $16) 23. f4 $1 $18 {[%cal Rf4f5]} Bxd5 24. exd5 ({Resist} 24. cxd5 $6 Nxf4 25. Bc1 h4 $16) (24. f5 $18 {Hoping for fxg6+.} Bc6 25. fxg6+ Kg8 26. c5) 24... Ng7 $2 (24... Nxf4 $16 {was necessary.} 25. Bc1 h4) 25. f5 g5 26. Re6 Rf8 27. Bd3 Ne5 28. Bxe5 dxe5 29. Rc6 Rf7 30. h3 Ne8 31. Nxh5 Bf8 32. Qf3 Bd6 33. Ng3 a5 34. Be2 Kg8 35. Qc3 Rh7 36. Bh5 Ng7 (36... Qe7 $142 37. Bxe8 Qxe8) 37. Bg6 Rh4 38. Qd3 a4 39. Ne4 axb3 40. axb3 Ra2 {[#]} (40... Kh8 $142 41. b4 Ra4) 41. b4 $1 {[%mdl 512] White is clearly winning.} Ra4 (41... Bxb4 42. Nxf6+) 42. Qc2 Rxb4 43. Nxd6 cxd6 44. Rb1 Rxb1+ 45. Qxb1 Ne8 46. Qxb6 Qxb6 47. Rxb6 Nc7 48. Rc6 {Accuracy: White = 64%, Black = 45%.} 1-0

[Event "CZE Extraliga 2019-20"]
[Site "Czech Republic"]
[Date "2020.01.26"]
[Round "6.8"]
[White "SLA12 Vymazal Bronislav"]
[Black "TUR11 Studnicka Tomas IM"]
[Result "0-1"]
[WhiteElo "2347"]
[BlackElo "2341"]
[Annotator "NA"]
[PlyCount "74"]
[EventDate "2019.09.15"]
[EventType "team-tourn"]
[EventCountry "CZE"]
[SourceTitle "playchess.com"]
[Source "ChessBase"]
[SourceQuality "1"]
[TimeControl "40/5400+30:1800+30"]

1. e4 {[%emt 0:00:00]} c5 {[%emt 0:00:00]} 2. Nf3 {[%emt 0:00:00]} g6 {[%emt 0:00:00]} 3. c3 {[%emt 0:00:00]} Nf6 {[%emt 0:05:40]} 4. e5 {[%emt 0:01:09]} Nd5 {[%emt 0:00:13]} 5. d4 {[%emt 0:03:44]} cxd4 {[%emt 0:00:42]} 6. Bc4 {[%emt 0:02:17]} Nb6 {[%emt 0:01:07]} 7. Bb3 {[%emt 0:00:06]} Bg7 {[%emt 0:03:53]} 8. cxd4 {[%emt 0:01:35]} d5 {[%emt 0:09:03]} 9. Be3 {[%emt 0:14:04]} Nc6 {[%emt 0:02:29]} 10. h3 {[%emt 0:04:26]} O-O {[%emt 0:05:05]} 11. O-O {[%emt 0:07:02]} f6 {[%emt 0:03:56]} 12. exf6 {[%emt 0:00:35]} exf6 {[%emt 0:00:10]} 13. Qd2 {[%emt 0:07:33]} Be6 $11 {[%emt 0:04:49]} 14. Rd1 {[%emt 0:01:05]} a5 {[%emt 0:02:50]} 15. Na3 {[%emt 0:00:13]} Qd7 {[%emt 0:03:45]} 16. Bh6 {[%emt 0:11:58]} Rfd8 {[%emt 0:05:06]} 17. Bxg7 {[%emt 0:00:33]} Kxg7 {[%emt 0:00:25]} 18. Rac1 {[%emt 0:09:40]} a4 {[%emt 0:17:58]} 19. Bc2 {[%emt 0:00:18]} Bf7 {[%emt 0:00:48]} 20. Bd3 {[%emt 0:01:24]} Qd6 {[%emt 0:02:31]} 21. Nb5 {[%emt 0:21:26]} Qb4 {[%emt 0:02:32]} 22. Qxb4 {[%emt 0:00:26]} Nxb4 {[%emt 0:00:18]} 23. Rc7 {[%emt 0:01:12]} Nc4 {[%emt 0:05:29]} 24. Bxc4 {[%emt 0:02:58]} dxc4 {[%emt 0:00:01]} 25. Nc3 {[%emt 0:00:42]} b6 {[%emt 0:17:49]} 26. Re1 {[%emt 0:04:06]} Kf8 {[%emt 0:00:43]} 27. Ree7 {[%emt 0:01:18]} Bg8 {[%emt 0:00:01]} 28. a3 {[%emt 0:03:06]} Nd5 {[%emt 0:01:13]} 29. Nxd5 {[%emt 0:00:05]} Rxd5 {[%emt 0:00:05]} 30. Nd2 {[%emt 0:00:35]} Rxd4 {[%emt 0:01:24]} 31. Ne4 {[%emt 0:00:23]} Rd1+ {[%emt 0:00:06]} 32. Kh2 {[%emt 0:00:04]} Re1 {[%emt 0:00:02]} 33. f3 {[%emt 0:01:46]} f5 {[%emt 0:00:13]} 34. Kg3 {[%emt 0:00:34]} fxe4 {[%emt 0:00:07]} 35. Kf2 {[%emt 0:00:08]} Rb1 {[%emt 0:00:43]} 36. Rxe4 {[%emt 0:00:09]} Rxb2+ {[%emt 0:00:30]} 37. Kg3 {[%emt 0:00:03]} Rb5 {[%emt 0:00:19]} 0-1

[Event "CZE Extraliga 2019-20"]
[Site "Czech Republic"]
[Date "2020.01.26"]
[Round "6.8"]
[White "Barak, David"]
[Black "Ludvik, Tomas"]
[Result "1-0"]
[WhiteElo "2070"]
[BlackElo "2305"]
[Annotator "NA"]
[PlyCount "111"]
[EventDate "2019.09.15"]
[EventType "team-tourn"]
[EventCountry "CZE"]
[SourceTitle "playchess.com"]
[Source "ChessBase"]
[SourceQuality "1"]
[TimeControl "40/5400+30:1800+30"]

1. d4 {[%emt 0:00:00]} d5 {[%emt 0:00:11]} 2. c4 {[%emt 0:00:00]} c6 {[%emt 0:00:09]} 3. Nc3 {[%emt 0:00:00]} e6 {[%emt 0:01:21]} 4. Nf3 {[%emt 0:00:00]} Nf6 {[%emt 0:00:10]} 5. e3 {[%emt 0:01:13]} Nbd7 {[%emt 0:00:16]} 6. Qc2 {[%emt 0:01:13]} Bd6 {[%emt 0:00:11]} 7. Bd3 {[%emt 0:01:17]} O-O {[%emt 0:00:24]} 8. O-O {[%emt 0:01:26]} dxc4 {[%emt 0:00:39]} 9. Bxc4 {[%emt 0:00:18]} b5 {[%emt 0:02:00]} 10. Bd3 {[%emt 0:01:40]} Bb7 {[%emt 0:00:23]} 11. h3 {[%emt 0:14:53]} b4 {[%emt 0:11:34]} 12. Ne4 {[%emt 0:15:13]} Nxe4 {[%emt 0:01:24]} 13. Bxe4 {[%emt 0:00:06]} Nf6 {[%emt 0:01:00]} 14. Nd2 {[%emt 0:09:45]} Qe7 {[%emt 0:08:58]} 15. Bf3 {[%emt 0:08:49]} Ba6 $14 {[%emt 0:13:34]} 16. Rd1 {[%emt 0:05:38]} Rac8 {[%emt 0:00:34]} 17. Nb3 {[%emt 0:03:30]} e5 {[%emt 0:08:52]} 18. e4 {[%emt 0:09:00]} Rfd8 {[%emt 0:07:10]} 19. Be3 {[%emt 0:02:12]} Bb5 {[%emt 0:12:41]} 20. dxe5 {[%emt 0:08:20]} Qxe5 {[%emt 0:02:58]} 21. g3 {[%emt 0:00:13]} Qe6 {[%emt 0:04:10]} 22. Kg2 {[%emt 0:08:17]} Ba4 {[%emt 0:02:12]} 23. Rac1 {[%emt 0:02:33]} Be5 {[%emt 0:09:32]} 24. Rxd8+ {[%emt 0:04:25]} Rxd8 {[%emt 0:00:01]} 25. Bxa7 {[%emt 0:01:16]} Ra8 {[%emt 0:02:04]} 26. Be3 {[%emt 0:00:54]} Bb5 {[%emt 0:01:45]} 27. Nd4 {[%emt 0:00:42]} Bxd4 {[%emt 0:00:20]} 28. Bxd4 {[%emt 0:00:02]} Qxa2 {[%emt 0:02:34]} 29. Qc5 {[%emt 0:00:52]} Qb3 {[%emt 0:02:32]} 30. Qg5 {[%emt 0:00:39]} h6 {[%emt 0:00:37]} 31. Qf4 {[%emt 0:00:31]} Qe6 {[%emt 0:00:44]} 32. Bxf6 {[%emt 0:00:28]} Qxf6 {[%emt 0:00:02]} 33. e5 {[%emt 0:00:33]} Qxf4 {[%emt 0:01:24]} 34. gxf4 {[%emt 0:00:02]} Ra2 {[%emt 0:01:54]} 35. b3 {[%emt 0:00:52]} Rb2 {[%emt 0:00:24]} 36. Bxc6 {[%emt 0:00:34]} Bxc6+ {[%emt 0:00:19]} 37. Rxc6 {[%emt 0:00:03]} Rxb3 {[%emt 0:00:06]} 38. Rc8+ {[%emt 0:00:47]} Kh7 {[%emt 0:00:01]} 39. f5 {[%emt 0:00:38]} Rc3 {[%emt 0:03:03]} 40. Rb8 {[%emt 0:00:30]} g6 {[%emt 0:01:05]} 41. f6 {[%emt 0:12:54]} Rc6 {[%emt 0:11:21]} 42. Rb7 {[%emt 0:01:39]} Kg8 {[%emt 0:09:43]} 43. Rxb4 {[%emt 0:01:34]} g5 {[%emt 0:00:58]} 44. h4 {[%emt 0:07:34]} Re6 {[%emt 0:02:40]} 45. Rb5 {[%emt 0:00:42]} h5 {[%emt 0:05:00]} 46. Kf3 {[%emt 0:05:41]} Kh7 {[%emt 0:00:16]} 47. Ke4 {[%emt 0:01:02]} Kg6 {[%emt 0:00:01]} 48. Rb8 {[%emt 0:01:32]} gxh4 {[%emt 0:00:58]} 49. Rg8+ {[%emt 0:00:57]} Kh7 {[%emt 0:00:01]} 50. Rg7+ {[%emt 0:00:54]} Kh6 {[%emt 0:01:09]} 51. Rxf7 {[%emt 0:00:58]} Ra6 {[%emt 0:00:01]} 52. Rg7 {[%emt 0:00:32]} h3 {[%emt 0:00:47]} 53. Rg3 {[%emt 0:00:30]} Ra4+ {[%emt 0:00:58]} 54. Kf5 {[%emt 0:00:20]} Rg4 {[%emt 0:00:19]} 55. Rxh3 {[%emt 0:00:35]} Rg5+ {[%emt 0:00:35]} 56. Ke6 {[%emt 0:00:25]} 1-0